Welcome to the Holygrace Academy Library

Please use search bar below to get started

TEACHING OF ENGLISH (Record no. 3943)

MARC details
000 -LEADER
fixed length control field 00279nam a22001217a 4500
082 ## - DEWEY DECIMAL CLASSIFICATION NUMBER
Classification number 425
Item number SHA/T
100 ## - MAIN ENTRY--AUTHOR NAME
Personal name SHARMA, KADAMBARI
245 ## - TITLE STATEMENT
Title TEACHING OF ENGLISH
260 ## - PUBLICATION, DISTRIBUTION, ETC. (IMPRINT)
Place of publication NEW DELHI
Name of publisher COMMONWEALTH PUBLISHERS
300 ## - PHYSICAL DESCRIPTION
Number of Pages 164
650 ## - SUBJECT ADDED ENTRY--TOPICAL TERM
Topical Term VOCABULARY
Geographic subdivision NEW DELHI
942 ## - ADDED ENTRY ELEMENTS (KOHA)
Koha item type Books
Holdings
Withdrawn status Lost status Collection code Home library Current library Shelving location Date acquired Source of acquisition Full call number Accession Number Koha item type
    Reference Main Library Main Library SHELF-16D -ENGLISH GRAMMAR ,POEMS 04/04/2006 PURCHASE 425 SHA/T 00804 Books